[Event "Tula Efremenkov Memorial"]
[Site "Tula"]
[Date "2015.01.20"]
[Round "8"]
[White "Postypalskiy, Mihail"]
[Black "Bernshteyn, Michael"]
[Result "1/2-1/2"]
[WhiteElo "2323"]
[BlackElo "2395"]
[PlyCount "90"]
[EventDate "2015.01.14"]
[EventType "tourn"]
[EventRounds "13"]
[EventCountry "RUS"]
[EventCategory "2"]
[SourceTitle "CBM 164 Extra"]
[Source "ChessBase"]
[SourceDate "2015.03.02"]
[SourceVersion "1"]
[SourceVersionDate "2015.03.02"]
[SourceQuality "1"]

1. e4 Nf6 2. e5 Nd5 3. d4 d6 4. Nf3 g6 5. Bc4 Nb6 6. Bb3 Bg7 7. 0-0 d5 8. h3 Bf5 9. c3 e6 10. Bc2 a5 11. a4 Bf8 12. Re1 h6 13. Nbd2 N8d7 14. Nf1 c5 15. Bxf5 gxf5 16. Ng3 c4 17. Qc2 Qe7 18. b3 Rc8 19. Rb1 Rg8 20. b4 Ra8 21. Nh5 axb4 22. Rxb4 Qd8 23. Rb5 Rg6 24. Nf4 Rg8 25. a5 Nc8 26. Qa4 Qc7 27. Ba3 Na7 28. Nxd5 exd5 29. Rxd5 Bxa3 30. Qxa3 Nf8 31. Rd6 Ne6 32. Qa4+ Nc6 33. Qxc4 Rxa5 34. d5 Ncd4 35. Qd3 Nf4 36. Qxd4 Nxg2 37. Kh2 Nxe1 38. Nxe1 Ra1 39. Nf3 Ra2 40. Rxh6 Qxc3 41. Qxc3 Rxf2+ 42. Kh1 Rf1+ 43. Kh2 Rf2+ 44. Kh1 Rf1+ 45. Kh2 Rf2+ 1/2-1/2

[Event "Tula Efremenkov Memorial"]
[Site "Tula"]
[Date "2015.01.15"]
[Round "3"]
[White "Al Argha, Hisham"]
[Black "Bernshteyn, Michael"]
[Result "1/2-1/2"]
[WhiteElo "2248"]
[BlackElo "2395"]
[PlyCount "51"]
[EventDate "2015.01.14"]
[EventType "tourn"]
[EventRounds "13"]
[EventCountry "RUS"]
[EventCategory "2"]
[SourceTitle "CBM 164 Extra"]
[Source "ChessBase"]
[SourceDate "2015.03.02"]
[SourceVersion "1"]
[SourceVersionDate "2015.03.02"]
[SourceQuality "1"]

1. g3 g6 2. Bg2 Bg7 3. c4 c5 4. Nf3 Nf6 5. 0-0 0-0 6. Nc3 Nc6 7. d3 d5 8. cxd5 Nxd5 9. Bd2 Nc7 10. Qc1 Bg4 11. h3 Bxf3 12. Bxf3 Qd7 13. Bg2 Rad8 14. Bh6 Ne6 15. Bxg7 Kxg7 16. Rd1 b6 17. Qd2 Ned4 18. Rac1 e5 19. Kh2 f5 20. Qe3 f4 21. Qe4 Qe6 22. h4 Ne7 23. e3 fxg3+ 24. fxg3 Ndf5 25. Bh3 Qd6 26. Rf1 1/2-1/2

[Event "Tula Efremenkov Memorial"]
[Site "Tula"]
[Date "2015.01.15"]
[Round "2"]
[White "Bernshteyn, Michael"]
[Black "Sosulin, Eduard"]
[Result "0-1"]
[WhiteElo "2395"]
[BlackElo "2342"]
[PlyCount "84"]
[EventDate "2015.01.14"]
[EventType "tourn"]
[EventRounds "13"]
[EventCountry "RUS"]
[EventCategory "2"]
[SourceTitle "CBM 164 Extra"]
[Source "ChessBase"]
[SourceDate "2015.03.02"]
[SourceVersion "1"]
[SourceVersionDate "2015.03.02"]
[SourceQuality "1"]

1. g3 d5 2. Bg2 c5 3. b3 Nc6 4. Bb2 e5 5. d3 f6 6. Nf3 Be6 7. Nbd2 d4 8. 0-0 Qd7 9. Nh4 Bd6 10. e3 Nge7 11. e4 Nd8 12. Nc4 Nf7 13. a4 Nc6 14. f4 Bxc4 15. bxc4 exf4 16. gxf4 0-0-0 17. Nf5 Bf8 18. Bh3 Kb8 19. Nh6 Qc7 20. Nxf7 Qxf7 21. Kh1 Ka8 22. Ba3 g6 23. a5 a6 24. Qe2 Qc7 25. Qe1 Re8 26. Bc1 Bd6 27. Bd2 Qg7 28. Rg1 Rhg8 29. Rb1 Bc7 30. Ra1 h6 31. Bg4 g5 32. f5 h5 33. Bxh5 Qh7 34. Qe2 Rh8 35. Rxg5 Rd8 36. Rg2 Qxh5 37. Qxh5 Rxh5 38. Be1 Rdh8 39. h4 Ne5 40. Rg7 Nf3 41. Rxc7 Rg8 42. Bf2 Nxh4 0-1

[Event "Tula Kozlov Memorial"]
[Site "Tula"]
[Date "2014.12.18"]
[Round "5"]
[White "Sosulin, Eduard"]
[Black "Bernshteyn, Michael"]
[Result "1/2-1/2"]
[WhiteElo "2362"]
[BlackElo "2436"]
[PlyCount "67"]
[EventDate "2014.12.16"]
[EventType "tourn"]
[EventRounds "13"]
[EventCountry "RUS"]
[EventCategory "2"]
[SourceTitle "EXT 2017"]
[Source "ChessBase"]
[SourceDate "2016.10.25"]
[SourceVersion "1"]
[SourceVersionDate "2016.10.25"]
[SourceQuality "1"]

1. d4 d5 2. c4 c6 3. Nc3 e6 4. e3 Nf6 5. Bd3 h6 6. a3 a5 7. Bd2 Bd6 8. f4 Nbd7 9. Nf3 0-0 10. 0-0 b6 11. Ne5 Bxe5 12. fxe5 Nh7 13. Qe2 f6 14. exf6 Nhxf6 15. cxd5 exd5 16. Rf2 Re8 17. h3 c5 18. Raf1 cxd4 19. Nb5 dxe3 20. Bxe3 Ne5 21. Qd2 Nxd3 22. Qxd3 Ne4 23. Rf7 Be6 24. Rc7 Rc8 25. Rxc8 Qxc8 26. Rd1 Qb8 27. Rf1 Rf8 28. Rxf8+ Kxf8 29. Nc3 Nxc3 30. Qxc3 Qd6 31. Qd4 b5 32. Qc5 Qxc5 33. Bxc5+ Kf7 34. Bd4 1/2-1/2

[Event "Kosaja Gora Autumn"]
[Site "Kosaja Gora"]
[Date "2014.11.21"]
[Round "6"]
[White "Pogosian, Georgy"]
[Black "Bernshteyn, Michael"]
[Result "1-0"]
[WhiteElo "2330"]
[BlackElo "2465"]
[PlyCount "87"]
[EventDate "2014.11.16"]
[EventType "tourn"]
[EventRounds "9"]
[EventCountry "RUS"]
[EventCategory "6"]
[SourceTitle "CBM 163 Extra"]
[Source "ChessBase"]
[SourceDate "2014.12.23"]
[SourceVersion "1"]
[SourceVersionDate "2014.12.23"]
[SourceQuality "1"]

1. Nf3 Nf6 2. c4 e6 3. Nc3 d5 4. cxd5 exd5 5. d4 Bb4 6. Bg5 h6 7. Bh4 g5 8. Bg3 Ne4 9. Qb3 Nc6 10. 0-0-0 Nxg3 11. hxg3 Be6 12. e4 Bxc3 13. Qxc3 g4 14. Nd2 Qd7 15. Bb5 a6 16. Bxc6 Qxc6 17. Qxc6+ bxc6 18. e5 a5 19. Nb3 Bf5 20. Nc5 Ke7 21. Kd2 h5 22. Rc1 Rab8 23. b3 Rb4 24. Ke3 f6 25. f4 Rbb8 26. Rh4 Kf7 27. Na4 Bd7 28. Nb2 Ra8 29. Nd3 Rab8 30. exf6 Kxf6 31. Ne5 Be8 32. Nxg4+ Ke6 33. Ne5 Rg8 34. Kf3 a4 35. Nxc6 Rb6 36. Na5 Rb5 37. Rc5 Rxc5 38. dxc5 axb3 39. axb3 Kf5 40. b4 Bf7 41. Rh1 Re8 42. Nc6 Re4 43. Rd1 Be6 44. Ne7+ 1-0

[Event "Kosaja Gora Autumn"]
[Site "Kosaja Gora"]
[Date "2014.11.19"]
[Round "4"]
[White "Sosulin, Eduard"]
[Black "Bernshteyn, Michael"]
[Result "1-0"]
[WhiteElo "2362"]
[BlackElo "2465"]
[PlyCount "57"]
[EventDate "2014.11.16"]
[EventType "tourn"]
[EventRounds "9"]
[EventCountry "RUS"]
[EventCategory "6"]
[SourceTitle "CBM 163 Extra"]
[Source "ChessBase"]
[SourceDate "2014.12.23"]
[SourceVersion "1"]
[SourceVersionDate "2014.12.23"]
[SourceQuality "1"]

1. d4 Nf6 2. Nf3 e6 3. c4 b6 4. g3 Bb7 5. Bg2 Be7 6. 0-0 0-0 7. Nc3 Ne4 8. Bd2 Bf6 9. Rc1 d6 10. d5 Nxc3 11. Bxc3 Bxc3 12. Rxc3 e5 13. e4 Nd7 14. Ne1 a5 15. f4 Re8 16. f5 Qe7 17. Rf2 Ba6 18. Nc2 Rab8 19. Ne3 Rec8 20. f6 Nxf6 21. Nf5 Qf8 22. g4 Nd7 23. g5 f6 24. Qh5 g6 25. Nh6+ Kg7 26. gxf6+ Kh8 27. Qh4 b5 28. Bh3 c6 29. Be6 1-0

[Event "Chern"]
[Site "Chern"]
[Date "2012.03.25"]
[Round "13"]
[White "Bernshteyn, Michael"]
[Black "Babayev, Talib"]
[Result "1/2-1/2"]
[WhiteElo "2458"]
[BlackElo "2344"]
[PlyCount "44"]
[EventDate "2012.03.17"]
[EventType "tourn"]
[EventRounds "13"]
[EventCountry "RUS"]
[EventCategory "3"]
[SourceTitle "EXT 2013"]
[Source "ChessBase"]
[SourceDate "2012.11.22"]
[SourceVersion "1"]
[SourceVersionDate "2012.11.22"]
[SourceQuality "1"]

1. e4 c5 2. Nf3 e6 3. c3 d5 4. exd5 Qxd5 5. d4 Nf6 6. Bd3 Be7 7. 0-0 0-0 8. Be3 Nc6 9. c4 Qh5 10. h3 cxd4 11. Nxd4 Nxd4 12. Bxd4 Rd8 13. Be3 Qe5 14. Nc3 Bd7 15. Qe2 Bc6 16. Rfd1 h6 17. Rd2 Rd7 18. Rad1 Rad8 19. Bc2 a6 20. Rxd7 Rxd7 21. Rxd7 Nxd7 22. Qd2 Qd6 1/2-1/2

[Event "Chern"]
[Site "Chern"]
[Date "2012.03.23"]
[Round "11"]
[White "Bernshteyn, Michael"]
[Black "Moiseev, Viktor"]
[Result "1/2-1/2"]
[WhiteElo "2458"]
[BlackElo "2421"]
[PlyCount "24"]
[EventDate "2012.03.17"]
[EventType "tourn"]
[EventRounds "13"]
[EventCountry "RUS"]
[EventCategory "3"]
[SourceTitle "EXT 2013"]
[Source "ChessBase"]
[SourceDate "2012.11.22"]
[SourceVersion "1"]
[SourceVersionDate "2012.11.22"]
[SourceQuality "1"]

1. Nf3 Nf6 2. c4 e6 3. d4 b6 4. g3 Bb7 5. Bg2 Be7 6. 0-0 0-0 7. Nc3 Ne4 8. Qc2 Nxc3 9. Qxc3 Be4 10. b4 d6 11. Bb2 Nd7 12. Rfe1 Bf6 1/2-1/2

[Event "Bogoroditsk 12"]
[Site "Bogoroditsk"]
[Date "2011.12.18"]
[Round "11"]
[White "Bernshteyn, Michael"]
[Black "Biriukov, Ilja"]
[Result "1/2-1/2"]
[WhiteElo "2458"]
[BlackElo "2417"]
[PlyCount "42"]
[EventDate "2011.12.12"]
[EventType "tourn"]
[EventRounds "13"]
[EventCountry "RUS"]
[EventCategory "6"]
[SourceTitle "CBM 146 Extra"]
[Source "ChessBase"]
[SourceDate "2012.02.29"]
[SourceVersion "1"]
[SourceVersionDate "2012.02.29"]
[SourceQuality "1"]

1. e4 e6 2. d4 d5 3. Nc3 Nf6 4. Bg5 dxe4 5. Nxe4 Be7 6. Bxf6 gxf6 7. Nf3 f5 8. Nc3 Bf6 9. Bc4 Nc6 10. Qd3 Nxd4 11. 0-0-0 Nc6 12. Qe3 Qe7 13. Bb5 Bd7 14. Bxc6 Bxc6 15. Ne5 Bxe5 16. Qxe5 Rg8 17. Rhg1 Rd8 18. g3 a6 19. Rge1 Rd6 20. Ne2 Be4 21. Nc3 Bc6 1/2-1/2

[Event "Tula Novikov Memorial"]
[Site "Tula"]
[Date "2011.10.07"]
[Round "13"]
[White "Arakeljan, Armen M"]
[Black "Bernshteyn, Michael"]
[Result "1/2-1/2"]
[WhiteElo "2308"]
[BlackElo "2309"]
[PlyCount "61"]
[EventDate "2011.10.01"]
[EventType "tourn"]
[EventRounds "12"]
[EventCountry "RUS"]
[EventCategory "3"]
[SourceTitle "EXT 2012"]
[Source "ChessBase"]
[SourceDate "2011.11.24"]
[SourceVersion "1"]
[SourceVersionDate "2011.11.24"]
[SourceQuality "1"]

1. e4 e5 2. Nf3 Nf6 3. Nxe5 d6 4. Nf3 Nxe4 5. Qe2 Qe7 6. d3 Nf6 7. Bg5 Qxe2+ 8. Bxe2 Be7 9. 0-0 0-0 10. Nc3 Nc6 11. Rfe1 a6 12. h3 Be6 13. d4 Rae8 14. a3 Nd5 15. Nxd5 Bxd5 16. Bxe7 Rxe7 17. c4 Be4 18. Bd1 Rfe8 19. Re2 Bxf3 20. Rxe7 Rxe7 21. Bxf3 Nxd4 22. Bxb7 Nb3 23. Rd1 a5 24. Kf1 a4 25. Bc6 Nc5 26. Re1 Kf8 27. f4 Re6 28. Re2 Ke7 29. Bd5 Rxe2 30. Kxe2 f6 31. Bc6 1/2-1/2

[Event "Tula Novikov Memorial"]
[Site "Tula"]
[Date "2011.10.06"]
[Round "10"]
[White "Bernshteyn, Michael"]
[Black "Pendurin, Evgeniy"]
[Result "1-0"]
[WhiteElo "2309"]
[BlackElo "2070"]
[PlyCount "87"]
[EventDate "2011.10.01"]
[EventType "tourn"]
[EventRounds "12"]
[EventCountry "RUS"]
[EventCategory "3"]
[SourceTitle "EXT 2012"]
[Source "ChessBase"]
[SourceDate "2011.11.24"]
[SourceVersion "1"]
[SourceVersionDate "2011.11.24"]
[SourceQuality "1"]

1. e4 c5 2. Nf3 Nc6 3. d4 cxd4 4. Nxd4 Nf6 5. Nc3 d6 6. Bc4 e6 7. 0-0 Be7 8. Be3 0-0 9. Bb3 Bd7 10. f4 a6 11. Qf3 Qc7 12. Rae1 b5 13. a3 Rac8 14. f5 Nxd4 15. Bxd4 e5 16. Bf2 Bc6 17. Re2 Qb7 18. Rd1 b4 19. Nd5 bxa3 20. Nxe7+ Qxe7 21. bxa3 Bb5 22. Re3 h6 23. Bh4 Kh7 24. Rd2 g5 25. Bg3 Rfd8 26. c3 Nd7 27. Re1 f6 28. Be6 Rc7 29. Bf2 Nc5 30. Bd5 Kg7 31. c4 Bc6 32. Bxc5 dxc5 33. Rb2 Be8 34. Reb1 a5 35. Qc3 a4 36. Qa5 h5 37. Rb8 Rxb8 38. Rxb8 Bf7 39. Qxa4 Bxd5 40. exd5 e4 41. Re8 Qd7 42. Qxd7+ Rxd7 43. Rxe4 Ra7 44. Re3 1-0

[Event "Tula Novikov Memorial"]
[Site "Tula"]
[Date "2011.10.05"]
[Round "8"]
[White "Bernshteyn, Michael"]
[Black "Babayev, Talib"]
[Result "1/2-1/2"]
[WhiteElo "2309"]
[BlackElo "2262"]
[PlyCount "48"]
[EventDate "2011.10.01"]
[EventType "tourn"]
[EventRounds "12"]
[EventCountry "RUS"]
[EventCategory "3"]
[SourceTitle "EXT 2012"]
[Source "ChessBase"]
[SourceDate "2011.11.24"]
[SourceVersion "1"]
[SourceVersionDate "2011.11.24"]
[SourceQuality "1"]

1. d4 d5 2. c4 dxc4 3. Nc3 a6 4. a4 Nc6 5. Nf3 Nf6 6. e4 Bg4 7. Be3 e5 8. dxe5 Qxd1+ 9. Rxd1 Bxf3 10. gxf3 Nxe5 11. f4 Nd3+ 12. Bxd3 cxd3 13. Rxd3 Bb4 14. f3 Rd8 15. Rxd8+ Kxd8 16. Ke2 c6 17. Rd1+ Kc8 18. Na2 Be7 19. Nc1 Rd8 20. Nd3 Nd7 21. Bd4 g6 22. a5 Nf8 23. Bb6 Rd6 24. Ke3 Ne6 1/2-1/2

[Event "Tula Novikov Memorial"]
[Site "Tula"]
[Date "2011.10.04"]
[Round "7"]
[White "Pogosian, Manvel"]
[Black "Bernshteyn, Michael"]
[Result "1/2-1/2"]
[WhiteElo "2352"]
[BlackElo "2309"]
[PlyCount "53"]
[EventDate "2011.10.01"]
[EventType "tourn"]
[EventRounds "12"]
[EventCountry "RUS"]
[EventCategory "3"]
[SourceTitle "EXT 2012"]
[Source "ChessBase"]
[SourceDate "2011.11.24"]
[SourceVersion "1"]
[SourceVersionDate "2011.11.24"]
[SourceQuality "1"]

1. e4 e6 2. d4 d5 3. exd5 exd5 4. Bd3 Bd6 5. Ne2 Ne7 6. 0-0 0-0 7. Bf4 Bf5 8. c3 c6 9. Bxd6 Qxd6 10. Bxf5 Nxf5 11. Ng3 Nxg3 12. hxg3 Nd7 13. Nd2 Rfe8 14. Nf3 Nf6 15. Qd2 Ne4 16. Qf4 Qxf4 17. gxf4 Re7 18. Rfe1 Kf8 19. Re2 Rae8 20. Rae1 Nf6 21. Ne5 Ne4 22. f3 Nd6 23. Kf2 f6 24. Nd3 Rxe2+ 25. Rxe2 Rxe2+ 26. Kxe2 Nc4 27. f5 1/2-1/2

[Event "Tula Novikov Memorial"]
[Site "Tula"]
[Date "2011.10.01"]
[Round "1"]
[White "Bernshteyn, Michael"]
[Black "Zobnin, Vyacheslav"]
[Result "1-0"]
[WhiteElo "2309"]
[BlackElo "1867"]
[PlyCount "71"]
[EventDate "2011.10.01"]
[EventType "tourn"]
[EventRounds "12"]
[EventCountry "RUS"]
[EventCategory "3"]
[SourceTitle "EXT 2012"]
[Source "ChessBase"]
[SourceDate "2011.11.24"]
[SourceVersion "1"]
[SourceVersionDate "2011.11.24"]
[SourceQuality "1"]

1. e4 e5 2. Nf3 Nc6 3. Bc4 Nf6 4. Ng5 Bc5 5. Nxf7 Bxf2+ 6. Kf1 Qe7 7. Nxh8 d5 8. exd5 Nd4 9. h3 Bg3 10. c3 Nf5 11. d6 Nxd6 12. Qf3 Bh4 13. b3 Nxc4 14. bxc4 e4 15. Qe3 Nh5 16. Kg1 Ng3 17. Bb2 Nxh1 18. Kxh1 Bf6 19. Ba3 Qe6 20. Qc5 Qg8 21. Qxc7 Qxh8 22. d4 e3 23. Bc5 Qg8 24. Na3 a6 25. Re1 Qe6 26. d5 Qd7 27. Qg3 Kf7 28. Qxe3 Qa4 29. Be7 Bf5 30. Bxf6 gxf6 31. Qe7+ Kg6 32. g4 Bd3 33. h4 Rc8 34. h5+ Kg5 35. Qg7+ Kh4 36. Qxf6+ 1-0